Elenca la formazione - Quiz n°67 - Statistics

Statistiche generali
  • Questo quiz è stato fatto 97 volte
  • Il punteggio medio è 10 su 11
Statistiche sulle risposte
Ruolo Nazione Calciatore % Corretto
Portiere Italia Gianluigi Buffon
100%
Difensore Italia Leonardo Bonucci
96%
Attaccante Spagna Álvaro Morata
95%
Difensore Italia Andrea Barzagli
95%
Centrocampista Francia Paul Pogba
95%
Trequartista Cile Arturo Vidal
94%
Centrocampista Italia Claudio Marchisio
93%
Attaccante Argentina Carlos Tévez
90%
Centrocampista Italia Andrea Pirlo
89%
Difensore Svizzera Stephan Lichtsteiner
88%
Difensore Francia Patrice Evra
82%
Nessun quiz corrispondente trovato
Distribuzione punteggi
Percentuale di utenti per punteggio
Percentile per numero di risposta
I tuoi punteggi nel tempo
Non hai fatto questo quiz